00750nam a2200241 a 4500001001300000003000900013005001700022008004100039020001000080082001600090100001600106245007600122260003800198300000900236500003500245505002400280650003900304700001600343902000800359942000700367952011700374999001700491nice12345678IN_TiNIC20260116013716.0050524s1993 dela grp 000 0 eng  ac15000a304.82bRAI aRai, Baljit aDemographic Aggression Against Indiab Muslim Avalanche from Bangladesh aDelhibB.S. Pub. Chandigarhc1993 a246p aincludes index and biblioraphy2 aBibliography, Index aEmigration and Immigration-History1 aRai, Baljit bSRS cBK 001040708StackRoom-aHMIbHMId2007-03-20g150.00l0o304.82 RAIp017824r2007-03-20v150.00w2005-05-24yBK c12079d12079